कप्तान की बेटी / (Record no. 616640)

MARC details
000 -LEADER
fixed length control field 01358nam a2200337 a 4500
001 - CONTROL NUMBER
control field vtls001331161
003 - CONTROL NUMBER IDENTIFIER
control field NLI
005 - DATE AND TIME OF LATEST TRANSACTION
control field 20210627045817.0
008 - FIXED-LENGTH DATA ELEMENTS--GENERAL INFORMATION
fixed length control field 120623s1972 ii 000 1 hin
020 ## - INTERNATIONAL STANDARD BOOK NUMBER
Terms of availability Rs. 5.00
039 #9 - LEVEL OF BIBLIOGRAPHIC CONTROL AND CODING DETAIL [OBSOLETE]
-- 201206231749
-- VLOAD
040 ## - CATALOGING SOURCE
Original cataloging agency NLI
Language of cataloging hineng
Transcribing agency Datasoft_Hindi
Description conventions AACR2
041 1# - LANGUAGE CODE
Language code of text/sound track or separate title hin
044 ## - COUNTRY OF PUBLISHING/PRODUCING ENTITY CODE
MARC country code ii
082 04 - DEWEY DECIMAL CLASSIFICATION NUMBER
Classification number 891.733
100 1# - MAIN ENTRY--PERSONAL NAME
Linkage 880-01
Personal name पुश्किन, अलेक्डेण्डर
9 (RLIN) 676898
245 10 - TITLE STATEMENT
Linkage 880-02
Title कप्तान की बेटी /
Statement of responsibility, etc. अलेक्डेण्डर पुश्किन ; अनुवादक : सविता बेगम
260 ## - PUBLICATION, DISTRIBUTION, ETC.
Place of publication, distribution, etc. दिल्ली :
Name of publisher, distributor, etc. प्रभात प्रकाशन,
Date of publication, distribution, etc. 1972
300 ## - PHYSICAL DESCRIPTION
Extent 175 p. ;
Dimensions 18 cm.
650 #0 - SUBJECT ADDED ENTRY--TOPICAL TERM
Topical term or geographic name entry element Russian fiction
Chronological subdivision 16th century
General subdivision Translations into Hindi
700 0# - ADDED ENTRY--PERSONAL NAME
Linkage 880-03
Personal name सविता बेगम,
Relationship अनु
880 1# - ALTERNATE GRAPHIC REPRESENTATION
Linkage 100-01(B
a Puśkina, Alexzendera
880 10 - ALTERNATE GRAPHIC REPRESENTATION
Linkage 245-02(B
a Kaptāna kī beṭī /
c Alexzendera Puśkina ; translated by : Savitā Begama
880 ## - ALTERNATE GRAPHIC REPRESENTATION
Linkage 700-03(B
a Savitā Begama
4 trl
887 ## - NON-MARC INFORMATION FIELD
Content of non-MARC field Md.Jilani(01.02.2012)Pintu(20.03.2012)
901 ## - LOCAL DATA ELEMENT A, LDA (RLIN)
a 62954
b 06.03.1992
902 ## - LOCAL DATA ELEMENT B, LDB (RLIN)
a H 891.733 Pu 956 kb
904 ## - LOCAL DATA ELEMENT D, LDD (RLIN)
c Md.Jilani(01.02.2012)Pintu(20.03.2012)
l 35057
949 ## - LOCAL PROCESSING INFORMATION (OCLC)
-- VIRTUAITEM
-- 10000
-- 100
6 DBA000062954HIN
942 ## - ADDED ENTRY ELEMENTS (KOHA)
Source of classification or shelving scheme Dewey Decimal Classification
Koha item type Books
Holdings
Withdrawn status Lost status Damaged status Not for loan Collection code Home library Current library Shelving location Date acquired Total Checkouts Full call number Barcode Date last seen Price effective from Koha item type
        Hindi National Library of India National Library of India Hindi - Book - Main Stack Division     H 891.733 Pu 956 kb DBA000062954HIN 27/06/2021 27/06/2021 Books
                                                                           
web counter

Copyright ©2020 The National Library of India, Govt. of India ↔ Hosted by NVLI, MOC ↔ Technology and Design by National Library of India, Ministry of Culture, Govt. of India